1519 1928 1259 1983 1023 1273 1656 1963 1472 1217 1955 1854 1553 1266 1523 1658 1448 1050 1907 1548 1570 1116 1225 1323 1129 1887 1334 1115 1475 1455 1508 1039 1700 1663 1122 1536 1032 1919 1732 1956 1781 1944 1582 1002 1440 1054 1572 1904 1183 1877 1778 1999 1066 1068 1157 1658 1866 1053 1661 1505 1514 1047 1653 1356 1518 1142 1647 1104 1057 1511 1196 1153 1771 1510 1262 1532 1574 1862 1530 1063 1451 1343 1346 1811 1621 1618 1491 1880 1978 1693 1404 1015 1804 1204 1095 1382 1474 1644 1173 BCNSPRNW ULIB Ver.6.0+V

เปลี่ยนเป็นภาษาไทย

Change to English
 แสดงรายละเอียดบรรณานุกรม
  กลับหน้าหลัก

Brief Record : Get Marc (ISO 2709) : E-mail record : QR code < ปิดหน้าต่าง
LEADER : 00000nas 2200000uu 4500
001    13399114050
003     ULIB
008    020711s|||| th a 000 0 tha d
110    ^aโรงพยาบาลชัยนาทนเรนทร
245    ^aวารสารโรงพยาบาลชัยนาทนเรนทร
260    ^aชัยนาท :^bโรงพยาบาลชัยนาทนเรนทร,^cม.ป.ป.
310    ^aราย 6 เดือน
850 ^a ULIB:campus^bฉบับที่ 30 ปีที่ 14
850 ^a ULIB^bฉบับที่ 31 ปีที่ 14 ;ฉบับที่ 33 ปีที่ 15
945    ^p0^l0^i800040
945    ^p0^l0^i900747
945    ^p0^l0^i901939
รายการนี้ยังไม่มีแท็ก
คุณยังไม่ได้ล็อกอิน คุณสามารถมีกิจกรรมร่วมกับเว็บไซต์ได้ แต่ต้องล็อกอินก่อน ::
  ล็อกอิน

รายการสื่อสารสนเทศ (วารสาร)

ดูแบบ: กล่อง รายการ
ARRIVED
ฉบับที่ 30 ปีที่ 14
สถานที่: ห้องสมุดวิทยาเขตสวรรค์ประชารักษ์ >วารสาร
ARRIVED
ฉบับที่ 31 ปีที่ 14
สถานที่: ห้องสมุดวิทยาเขตสวรรค์ประชารักษ์ >หนังสือทั่วไป
ARRIVED
ฉบับที่ 33 ปีที่ 15
สถานที่: ห้องสมุดวิทยาเขตสวรรค์ประชารักษ์ >วารสาร
รายการใกล้เคียง
    ชื่อเรื่อง [วารสารโรงพยาบาลชัยนาทนเรนทร]

    ผู้แต่ง []

BibComment


ยังไม่เคยถูกคอมเมนท์

คอมเมนท์ทรัพยากรรายการนี้
  คอมเมนท์: วารสารโรงพยาบาลช..


 Copyright 2026. Bcnsprnw @Library